<?xml version="1.0" encoding="UTF-8"?><?xml-stylesheet type="text/xsl" href="static/style.xsl"?><OAI-PMH xmlns="http://www.openarchives.org/OAI/2.0/" xmlns:xsi="http://www.w3.org/2001/XMLSchema-instance" xsi:schemaLocation="http://www.openarchives.org/OAI/2.0/ http://www.openarchives.org/OAI/2.0/OAI-PMH.xsd"><responseDate>2026-06-02T02:15:12Z</responseDate><request verb="GetRecord" identifier="oai:riuma.uma.es:10630/38622" metadataPrefix="marc">https://riuma.uma.es/rest/oai/request</request><GetRecord><record><header><identifier>oai:riuma.uma.es:10630/38622</identifier><datestamp>2026-02-03T10:49:43Z</datestamp><setSpec>com_10630_2254</setSpec><setSpec>col_10630_37953</setSpec></header><metadata><record xmlns="http://www.loc.gov/MARC21/slim" xmlns:dcterms="http://purl.org/dc/terms/" xmlns:doc="http://www.lyncode.com/xoai" xmlns:xsi="http://www.w3.org/2001/XMLSchema-instance" xsi:schemaLocation="http://www.loc.gov/MARC21/slim http://www.loc.gov/standards/marcxml/schema/MARC21slim.xsd">
   <leader>00925njm 22002777a 4500</leader>
   <datafield ind2=" " ind1=" " tag="042">
      <subfield code="a">dc</subfield>
   </datafield>
   <datafield ind2=" " ind1=" " tag="720">
      <subfield code="a">Hinojosa-Nogueira, Daniel</subfield>
      <subfield code="e">author</subfield>
   </datafield>
   <datafield ind2=" " ind1=" " tag="720">
      <subfield code="a">Muros, José J.</subfield>
      <subfield code="e">author</subfield>
   </datafield>
   <datafield ind2=" " ind1=" " tag="720">
      <subfield code="a">Navajas Porras, Beatriz</subfield>
      <subfield code="e">author</subfield>
   </datafield>
   <datafield ind2=" " ind1=" " tag="720">
      <subfield code="a">Delgado-Osorio, Adriana</subfield>
      <subfield code="e">author</subfield>
   </datafield>
   <datafield ind2=" " ind1=" " tag="720">
      <subfield code="a">Pérez-Burillo, Sergio</subfield>
      <subfield code="e">author</subfield>
   </datafield>
   <datafield ind2=" " ind1=" " tag="720">
      <subfield code="a">Pastoriza, Silvia</subfield>
      <subfield code="e">author</subfield>
   </datafield>
   <datafield ind2=" " ind1=" " tag="720">
      <subfield code="a">Rufián-Henares, José Ángel</subfield>
      <subfield code="e">author</subfield>
   </datafield>
   <datafield ind2=" " ind1=" " tag="260">
      <subfield code="c">2023-05-26</subfield>
   </datafield>
   <datafield ind2=" " ind1=" " tag="520">
      <subfield code="a">Increasing food security is one of the Sustainable Development Goals. One of the main risks in food is the increase in food contaminants. Processing methods, such as the addition of additives or heat treatment, influence contaminant generation and increase their levels in food. The aim of the present study was to create a database using a methodology similar to that of food composition databases but with a focus on potential food contaminants. CONT11 collects information on 11 contaminants: hydroxymethyl-2-furfural, pyrraline, Amadori compounds, furosine, acrylamide, furan, polycyclic aromatic hydrocarbons, benzopyrene, nitrates, nitrites and nitrosamines. This is collected for more than 220 foods obtained from 35 different data sources. A food frequency questionnaire validated for use with children was used to validate the database. Contaminant intake and exposure in 114 children aged 10–11 years were estimated. Outcomes were within the range of values described by other studies, confirming the usefulness of CONT11. This database will allow nutrition researchers to go a step further in assessing dietary exposure to some food components and the association of this with disease, whilst also informing strategies to reduce exposure.</subfield>
   </datafield>
   <datafield ind1="8" ind2=" " tag="024">
      <subfield code="a">Hinojosa-Nogueira D, Muros JJ, Navajas-Porras B, Delgado-Osorio A, Pérez-Burillo S, Pastoriza S, et al. Development of a food composition database of different food contaminants CONT11 and estimation of dietary exposure in children of southern Spain. Food and Chemical Toxicology. 2023;177:113843.</subfield>
   </datafield>
   <datafield ind1="8" ind2=" " tag="024">
      <subfield code="a">https://hdl.handle.net/10630/38622</subfield>
   </datafield>
   <datafield ind1="8" ind2=" " tag="024">
      <subfield code="a">10.1016/j.fct.2023.113843</subfield>
   </datafield>
   <datafield tag="653" ind2=" " ind1=" ">
      <subfield code="a">Industria alimentaria - Control de calidad</subfield>
   </datafield>
   <datafield tag="653" ind2=" " ind1=" ">
      <subfield code="a">Nutrición - Innovaciones tecnológicas</subfield>
   </datafield>
   <datafield ind2="0" ind1="0" tag="245">
      <subfield code="a">Development of a food composition database of different food contaminants CONT11 and estimation of dietary exposure in children of southern Spain</subfield>
   </datafield>
</record>
</metadata></record></GetRecord></OAI-PMH>